zpět

Detail výsledku týmu

MaxWilliam, Znojmo

Datum a čas kvízu

27.5 Celkem bodů Celkový počet nahraných bodů na tomto kvízu bez doplňovacích otázek.
5. Pořadí na kvízu Konečné umístění týmu na tomto kvízu.

Zaznamenané odpovědi

# Otázka Odpověď Body Výsledky
1. Minulý týden navštívil Českou... Mike Pompeo 0
2. Prezidentské volby v Bělorusku... Litva 0
3. Společnost Disney přejmenovala... 20th Century Fox (Television) 0
4. Prezident jedné země v úterý o... Vladimir Putin 1
5. Brankář pražské Sparty přispěl... Matěj Machovský 1
6. Nedávno jsme se zabývali různý... Belgie, Francie, Nizozemsko 0
7. Dne 24. července roku 1177 uza... Fridrich I. Barbarossa (Rudovous) 0
8. Dalším špičatým letopočtem v n... Albrecht Dürer 0
9. Dostáváme se do novověku, konk... (von) Laudon 0
10. Rok 1714 se stal jedním z důle... Gabriel Fahrenheit 1